Vývoj makroekonomických ukazovateľov Slovenska v transformačnom období diplomová práca

Gespeichert in:
Bibliographische Detailangaben
1. Verfasser: Hilčík, Zdenko
Körperschaft: Národohospodárska fakulta EU. Katedra hospodárskej politiky
Weitere Verfasser: Fifeková, Elena
Format: Buch
Sprache:Slowakisch
Veröffentlicht: Bratislava 2009
Tags: Tag hinzufügen
Keine Tags, Fügen Sie das erste Tag hinzu!

MARC

LEADER 00000nam$a2200000$$$4500
001 0095734
005 20240319123924.2
041 0 |a slo 
044 |a SK 
245 1 0 |a Vývoj makroekonomických ukazovateľov Slovenska v transformačnom období  |b diplomová práca  |c Zdenko Hilčík ; škol. Elena Fifeková 
264 1 |a Bratislava  |c 2009 
300 |a 76 s. 
100 1 |a Hilčík, Zdenko 
700 1 |a Fifeková, Elena 
710 2 |a Národohospodárska fakulta EU. Katedra hospodárskej politiky